000 00655nam a2200205 a 4500
001 001095963
003 AM-YeHGA
005 20250617151543.0
008 150810s1976 ||| r 000 0 rus d
040 _aAM-YeHGA
041 1 _arus
_hrum
100 1 _aИбрэиляну, Гарабет
245 1 0 _aАдела :
_b[Повесть] /
_cГарабет Ибрэиляну; Пер. с румын. Н. Строе.
260 _aБухарест :
_bРумыния,
_c1976.
300 _a48 с.
440 0 _aБ-ка "Румыния"
653 0 _aРумынская литература
700 1 _aСтрое, Н.
_eпер.
_4trl
090 _c355405
999 _c353588
_d353588